000 00295nam a2200121Ia 4500
008 220214s9999 xx 000 0 und d
245 0 _aElectronics
260 _bMcGraw Hill
310 _aF
500 _aEnding Volume & Year: 60, 1987
500 _aStarting Volume & Year: 51, 1978
942 _cBJ
999 _c9253
_d9253